00354nam a22001337a 450000500170000000800410001704100130005808200130007110000120008424500380009626000360013430000250017065000250019520240819063641.0240819b |||||||| |||| 00| 0 eng d aEnglish  a349 LAW  lEnglish aThe Law Reports: Probate Division aLondon: bLincoln's Inn, c1943 b130 pages; c25 cm.  aLegal practicebLaw